| 000 | 00912cam a2200253 a 4500 | ||
|---|---|---|---|
| 001 | 261 | ||
| 003 | BR-CuiBMT | ||
| 005 | 20231114005326.0 | ||
| 008 | 230914s2017 mgba 000 0 por d | ||
| 020 | _a9788545004196 | ||
| 040 |
_aBR-CuiBMT _cBR-CuiBMT |
||
| 080 |
_22007 _a658:502.131.1 |
||
| 090 |
_a658:502.131.1 _bL177p |
||
| 100 | 1 | _aLago, Laone | |
| 245 | 1 | 0 |
_aPlanos estaduais de resíduos sólidos : _bpolítica pública, gestão associada e sustentabilidade / _cLaone Lago ; prefácio Paulo de Bessa Antunes ; apresentação Eduardo Domingues. |
| 260 |
_aBelo Horizonte : _bFórum, _c2017. |
||
| 300 |
_a155 p. : _bil. ; _c21 cm |
||
| 504 | _aInclui bibliografia. | ||
| 650 |
_a Resíduos sólidos _xAdministração _zBrasil |
||
| 650 |
_a Resíduos sólidos _xPolítica ambiental _zBrasil |
||
| 650 |
_aDesenvolvimento sustentável _zBrasil |
||
| 650 |
_aSaneamento ambiental _zBrasil |
||
| 942 |
_2udc _cLV |
||
| 999 |
_c261 _d261 |
||